| 000 | 00800nam a2200241Ia 4500 | ||
|---|---|---|---|
| 005 | 20260430150143.0 | ||
| 008 | 008 250103s9999 xx 000 0 eng d | ||
| 037 | _aTheses | ||
| 040 | _aCRL | ||
| 040 | _beng | ||
| 040 | _ceng | ||
| 041 | _2eng | ||
| 041 | _aeng | ||
| 084 | _qCRL | ||
| 100 |
_aYadav Sneha Au.; Sharma R.K. Gu.; Prasad A.K. Gu. _91236613 |
||
| 245 | 0 | _aUnraveling the potency of magnetically responsive metal organic framework composites: designing , fabrication, charecterization and catalytic application in C-H activation, multicomponent click coupling and condensation reactions | |
| 260 | _c2021 | ||
| 300 | _a252p. | ||
| 650 | _aChemistry | ||
| 700 | _aUniversity of Delhi. Faculty of Science. Deptt of Chemistry | ||
| 942 | _cTH | ||
| 999 |
_c1849080 _d1849080 |
||